000 00545 a2200181 4500
003 OSt
005 20231213100501.0
008 231213b |||||||| |||| 00| 0 eng d
020 _a9789354323744
040 _coclc
082 _a894.8128
_bJOS/A
100 _aJoseph, Sebastian
_910109
245 _aAdiyantharaavastha:
_bKiraathavaazhchayute 21 Maasangal /
_cSebastian Joseph
250 _a3rd ed.
260 _aKottayam:
_bD C Books,
_c2022.
300 _a342p.
942 _2ddc
_cBK
_h894.8128
_iJOS/A
_k894.8128
_mJOS/A
999 _c44088
_d44088